[Event "MVP-ch Seniors op 19th"]
[Site "Ostseebad Binz"]
[Date "2019.12.02"]
[Round "6"]
[White "Armbruester, Juergen"]
[Black "Juergens, Peter1111"]
[Result "1/2-1/2"]
[WhiteElo "1937"]
[BlackElo "1809"]
[PlyCount "67"]
[EventDate "2019.11.27"]
[EventType "swiss"]
[EventRounds "9"]
[EventCountry "GER"]
[SourceTitle "EXT 2021"]
[Source "ChessBase"]
[SourceDate "2020.10.23"]
[SourceVersion "1"]
[SourceVersionDate "2020.10.23"]
[SourceQuality "1"]

1. e4 e6 2. d4 d5 3. Nc3 Bb4 4. Bd3 dxe4 5. Bxe4 Nf6 6. Bg5 Nbd7 7. Nge2 0-0 8. 0-0 Be7 9. Bf3 a6 10. Bf4 Bd6 11. Bg3 Rb8 12. a4 b6 13. Qd3 a5 14. Nb5 Bxg3 15. Nxg3 Bb7 16. Bxb7 Rxb7 17. Rfd1 Qb8 18. c4 c6 19. Nc3 Rc7 20. Qe3 Rcc8 21. Rac1 Rfe8 22. Nce4 Rf8 23. Rc3 Rcd8 24. Qg5 h6 25. Qe3 Nh7 26. Nh5 f5 27. Nd2 Rde8 28. f4 Ndf6 29. Nxf6+ Nxf6 30. g3 Rf7 31. Rb3 Rb7 32. Qe2 Qc7 33. Nf3 Ne4 34. Ne5 1/2-1/2

[Event "MVP-ch Seniors op 19th"]
[Site "Ostseebad Binz"]
[Date "2019.11.29"]
[Round "3"]
[White "Jacob, Helmut"]
[Black "Armbruester, Juergen"]
[Result "1-0"]
[WhiteElo "2124"]
[BlackElo "1937"]
[PlyCount "33"]
[EventDate "2019.11.27"]
[EventType "swiss"]
[EventRounds "9"]
[EventCountry "GER"]
[SourceTitle "EXT 2021"]
[Source "ChessBase"]
[SourceDate "2020.10.23"]
[SourceVersion "1"]
[SourceVersionDate "2020.10.23"]
[SourceQuality "1"]

1. e4 e5 2. Nf3 Nf6 3. Nxe5 d6 4. Nf3 Nxe4 5. Nc3 Nxc3 6. dxc3 Be7 7. Be3 0-0 8. Qd2 Nd7 9. 0-0-0 Nf6 10. h3 Re8 11. Bd3 Bf8 12. Rhe1 Bd7 13. g4 Bc6 14. Nd4 Nd5 15. Bg5 Qd7 16. Bf5 Rxe1 17. Rxe1 1-0

[Event "Ruhrgebiet Verbandsliga Gruppe 1 1718"]
[Site "Germany"]
[Date "2018.04.29"]
[Round "9.6"]
[White "Bartelt, Max Peter"]
[Black "Armbruester, Juergen"]
[Result "1/2-1/2"]
[WhiteElo "1792"]
[BlackElo "1838"]
[PlyCount "99"]
[EventDate "2017.09.17"]
[EventType "team-tourn"]
[EventRounds "9"]
[EventCountry "GER"]
[SourceTitle "EXT 2022"]
[Source "ChessBase"]
[SourceDate "2021.10.06"]
[SourceVersion "1"]
[SourceVersionDate "2021.10.06"]
[SourceQuality "1"]
[WhiteTeam "Muelheim Nord IV"]
[BlackTeam "Essen Katernberg III"]
[WhiteTeamCountry "GER"]
[BlackTeamCountry "GER"]

1. d4 Nf6 2. Nf3 d5 3. g3 c6 4. Bg2 e6 5. 0-0 Be7 6. c4 0-0 7. b3 b6 8. Nbd2 Bb7 9. Bb2 Nbd7 10. Qc2 Rc8 11. e4 dxe4 12. Nxe4 c5 13. Ne5 Nxe4 14. Bxe4 Bxe4 15. Qxe4 cxd4 16. Nc6 Qe8 17. Nxa7 Nc5 18. Qxd4 Bf6 19. Qd2 Rd8 20. Qc2 Bxb2 21. Qxb2 Qd7 22. Nb5 f6 23. Qc2 e5 24. Rad1 Qc6 25. Nc3 Ne6 26. Nd5 Kh8 27. Qe4 Nc5 28. Qe3 Rd6 29. Rd2 Rfd8 30. Rfd1 Ne6 31. Nb4 Qc7 32. Rxd6 Rxd6 33. Rxd6 Qxd6 34. Nd5 Nd4 35. Kf1 h6 36. Qc3 Qc6 37. Ke1 b5 38. h4 Qa8 39. Qb2 bxc4 40. bxc4 Qa5+ 41. Nc3 Qc5 42. Qb8+ Kh7 43. Qb1+ f5 44. Nb5 Qxc4 45. Nxd4 exd4 46. Qxf5+ Kg8 47. Qa5 d3 48. Qd2 Qd5 49. Kd1 Qd4 50. Qe3 1/2-1/2

[Event "Ruhrgebiet Verbandsliga Gruppe 1 1718"]
[Site "Germany"]
[Date "2018.03.18"]
[Round "8.7"]
[White "Tochtrop, Lothar"]
[Black "Armbruester, Juergen"]
[Result "1-0"]
[WhiteElo "1845"]
[BlackElo "1836"]
[PlyCount "61"]
[EventDate "2017.09.17"]
[EventType "team-tourn"]
[EventRounds "9"]
[EventCountry "GER"]
[SourceTitle "EXT 2022"]
[Source "ChessBase"]
[SourceDate "2021.10.06"]
[SourceVersion "1"]
[SourceVersionDate "2021.10.06"]
[SourceQuality "1"]
[WhiteTeam "Bottrop SV"]
[BlackTeam "Essen Katernberg III"]
[WhiteTeamCountry "GER"]
[BlackTeamCountry "GER"]

1. e4 e5 2. Nf3 Nf6 3. d4 Nxe4 4. Bd3 d5 5. Nxe5 Bd6 6. 0-0 0-0 7. f3 Bxe5 8. dxe5 Nc5 9. Nc3 Nc6 10. f4 d4 11. Ne4 Nxe4 12. Bxe4 f5 13. exf6 Qxf6 14. Qf3 Bf5 15. Bd5+ Kh8 16. Qb3 Rab8 17. Bd2 Ne7 18. Bf3 b6 19. Rfe1 Rfe8 20. Qa4 a5 21. Re5 Red8 22. Rae1 Ng6 23. R5e2 Bd7 24. Qc4 c5 25. Bh5 Re8 26. Qd5 Rxe2 27. Rxe2 Bc6 28. Qe6 Re8 29. Qxf6 gxf6 30. Rxe8+ Bxe8 31. f5 1-0

[Event "Ruhrgebiet Verbandsliga Gruppe 1 1718"]
[Site "Germany"]
[Date "2018.02.04"]
[Round "6"]
[White "Armbruester, Juergen"]
[Black "Al Marawi, Abdulhadi"]
[Result "1/2-1/2"]
[WhiteElo "1836"]
[BlackElo "1805"]
[PlyCount "52"]
[EventDate "2017.09.17"]
[EventType "team-tourn"]
[EventRounds "9"]
[EventCountry "GER"]
[SourceTitle "EXT 2022"]
[Source "ChessBase"]
[SourceDate "2021.10.06"]
[SourceVersion "1"]
[SourceVersionDate "2021.10.06"]
[SourceQuality "1"]
[WhiteTeam "Essen Katernberg III"]
[BlackTeam "Erkenschwick II"]
[WhiteTeamCountry "GER"]
[BlackTeamCountry "GER"]

1. e4 e6 2. d4 d5 3. Nc3 Bb4 4. e5 c5 5. a3 cxd4 6. axb4 dxc3 7. bxc3 Qc7 8. Qd4 Nc6 9. Bb5 Nge7 10. f4 0-0 11. Qd3 f6 12. exf6 Rxf6 13. Ne2 Bd7 14. 0-0 Raf8 15. Be3 a6 16. Bxc6 Bxc6 17. Nd4 Bd7 18. Rf2 Nf5 19. Nxf5 Rxf5 20. Rd1 Bb5 21. Qd4 Rc8 22. Bd2 Rcf8 23. Be3 Qf7 24. Re1 Qg6 25. Qd2 h6 26. Bd4 Bd7 1/2-1/2

[Event "MVP-ch Seniors op 17th"]
[Site "Binz"]
[Date "2017.11.29"]
[Round "1.63"]
[White "Armbruester, Juergen"]
[Black "Helm, Helga"]
[Result "1-0"]
[WhiteElo "1938"]
[BlackElo "1611"]
[PlyCount "91"]
[EventDate "2017.11.29"]
[EventType "swiss"]
[EventRounds "9"]
[EventCountry "GER"]
[SourceTitle "EXT 2019"]
[Source "ChessBase"]
[SourceDate "2018.10.10"]
[SourceVersion "1"]
[SourceVersionDate "2018.10.10"]
[SourceQuality "1"]

1. e4 e5 2. Nf3 d6 3. d4 exd4 4. Nxd4 Be7 5. Bc4 Nf6 6. Nc3 a6 7. 0-0 0-0 8. Re1 Nc6 9. Nxc6 bxc6 10. Bb3 Be6 11. Bf4 Bxb3 12. axb3 Nd7 13. Qe2 Bg5 14. Bxg5 Qxg5 15. Rxa6 Rxa6 16. Qxa6 Nb8 17. Qd3 Rd8 18. Qe3 Qxe3 19. Rxe3 Kf8 20. f4 Re8 21. Kf2 Nd7 22. Kf3 Nb6 23. Rd3 f6 24. Rd1 Re7 25. b4 Nc4 26. b3 Na3 27. Rd2 Re8 28. Ne2 Rb8 29. Nd4 Rxb4 30. Nxc6 Rb6 31. Nd4 Nb5 32. Nxb5 Rxb5 33. Rd5 Rxd5 34. exd5 Ke7 35. Ke4 g6 36. g4 Kd8 37. h4 Ke7 38. c4 Kd7 39. b4 Kc8 40. f5 Kd7 41. Kf4 Ke7 42. fxg6 hxg6 43. h5 gxh5 44. gxh5 Kf7 45. Kf5 Kg7 46. c5 1-0

[Event "Schleswig Holstein-ch Seniors op 11th"]
[Site "Buesum"]
[Date "2017.09.14"]
[Round "7"]
[White "Duijker, Bert"]
[Black "Armbruester, Juergen"]
[Result "1/2-1/2"]
[WhiteElo "1868"]
[BlackElo "1961"]
[PlyCount "46"]
[EventDate "2017.09.08"]
[EventType "swiss"]
[EventRounds "9"]
[EventCountry "GER"]
[SourceTitle "EXT 2019"]
[Source "ChessBase"]
[SourceDate "2018.10.10"]
[SourceVersion "1"]
[SourceVersionDate "2018.10.10"]
[SourceQuality "1"]

1. Nf3 d5 2. d4 Nf6 3. c4 g6 4. cxd5 Nxd5 5. g3 Bg7 6. Bg2 0-0 7. 0-0 e6 8. e4 Nb6 9. b3 c5 10. Bb2 Nc6 11. a4 Nxd4 12. Ra2 e5 13. a5 Nd7 14. Nc3 Nb8 15. Nxd4 cxd4 16. Nd5 Nc6 17. Qd2 Be6 18. a6 b6 19. Rc1 Rc8 20. Ba3 Re8 21. Rac2 Bd7 22. Bf1 Bf8 23. Bxf8 Kxf8 1/2-1/2

[Event "Schleswig Holstein-ch Seniors op 11th"]
[Site "Buesum"]
[Date "2017.09.08"]
[Round "1"]
[White "Graffenberger, Wilhelm"]
[Black "Armbruester, Juergen"]
[Result "1/2-1/2"]
[WhiteElo "1651"]
[BlackElo "1961"]
[PlyCount "53"]
[EventDate "2017.09.08"]
[EventType "swiss"]
[EventRounds "9"]
[EventCountry "GER"]
[SourceTitle "EXT 2019"]
[Source "ChessBase"]
[SourceDate "2018.10.10"]
[SourceVersion "1"]
[SourceVersionDate "2018.10.10"]
[SourceQuality "1"]

1. d4 Nf6 2. Nf3 g6 3. e3 d5 4. Bd3 Bg7 5. Nbd2 0-0 6. 0-0 Nbd7 7. Re1 c5 8. c3 b6 9. e4 dxe4 10. Nxe4 cxd4 11. cxd4 Bb7 12. Bf4 Nd5 13. Bg3 Rc8 14. Rc1 Rxc1 15. Qxc1 Qa8 16. Bb5 Rc8 17. Qd2 Bc6 18. Nc3 Nxc3 19. Bxc6 Qxc6 20. bxc3 Qxc3 21. Rxe7 Qxd2 22. Nxd2 Nf8 23. d5 a5 24. Bc7 Bh6 25. Nf1 Bg5 26. d6 Ne6 27. Rd7 1/2-1/2

[Event "MVP-ch Seniors op 16th"]
[Site "Binz"]
[Date "2016.11.29"]
[Round "7.21"]
[White "Armbruester, Juergen"]
[Black "Liebscher, Helmar"]
[Result "1/2-1/2"]
[WhiteElo "1941"]
[BlackElo "2100"]
[PlyCount "64"]
[EventDate "2016.11.23"]
[EventType "swiss"]
[EventRounds "9"]
[EventCountry "GER"]
[SourceTitle "EXT 2018"]
[Source "ChessBase"]
[SourceDate "2017.10.13"]
[SourceVersion "1"]
[SourceVersionDate "2017.10.13"]
[SourceQuality "1"]

1. e4 e5 2. Nf3 Nc6 3. Bb5 a6 4. Ba4 Nf6 5. 0-0 b5 6. Bb3 Bc5 7. d3 d6 8. c3 Bg4 9. a4 Rb8 10. axb5 axb5 11. Nbd2 0-0 12. h3 Be6 13. Re1 b4 14. Bxe6 fxe6 15. Nf1 d5 16. Ng3 Qd7 17. Qe2 Rbd8 18. Bd2 bxc3 19. Bxc3 d4 20. Bd2 Rb8 21. Rec1 Rb5 22. Rc2 Qd6 23. Rac1 Rfb8 24. Be1 Nd7 25. b4 Nxb4 26. Bxb4 Rxb4 27. Nd2 R4b5 28. Nc4 Qf8 29. Qg4 Qe7 30. Nf1 Rb3 31. Qg3 Bd6 32. Na5 Ba3 1/2-1/2

[Event "Ruhrgebiet Verbandsklasse Gruppe 3 1617"]
[Site "Germany"]
[Date "2016.11.27"]
[Round "4.6"]
[White "Stoetzel, Martin"]
[Black "Armbruester, Juergen"]
[Result "0-1"]
[WhiteElo "1731"]
[BlackElo "1816"]
[PlyCount "58"]
[EventDate "2016.09.04"]
[EventType "team-tourn"]
[EventRounds "9"]
[EventCountry "GER"]
[SourceTitle "EXT 2022"]
[Source "ChessBase"]
[SourceDate "2021.10.06"]
[SourceVersion "1"]
[SourceVersionDate "2021.10.06"]
[SourceQuality "1"]
[WhiteTeam "Erkenschwick II"]
[BlackTeam "Katernberg SF IV"]
[WhiteTeamCountry "GER"]
[BlackTeamCountry "GER"]

1. e4 e5 2. Nf3 Nf6 3. Nxe5 d6 4. Nf3 Nxe4 5. d4 d5 6. Bd3 Nc6 7. 0-0 Be7 8. c4 Bg4 9. Be2 0-0 10. Nc3 Nxc3 11. bxc3 Bf6 12. cxd5 Qxd5 13. Be3 Rad8 14. Qb3 Qxb3 15. axb3 a6 16. Rfd1 Ne7 17. h3 Bxf3 18. Bxf3 c6 19. c4 Nf5 20. Ra5 Nxd4 21. Bxd4 Bxd4 22. b4 Bc3 23. Ra4 Rxd1+ 24. Bxd1 Rd8 25. Bf3 Rd4 26. Be2 Kf8 27. Kf1 Ke7 28. b5 cxb5 29. Ra3 b4 0-1

[Event "Ruhrgebiet Verbandsklasse Gruppe 3 1617"]
[Site "Germany"]
[Date "2016.10.30"]
[Round "3.5"]
[White "Armbruester, Juergen"]
[Black "Kalkhoff, Andreas"]
[Result "1/2-1/2"]
[WhiteElo "1816"]
[BlackElo "1797"]
[PlyCount "57"]
[EventDate "2016.09.04"]
[EventType "team-tourn"]
[EventRounds "9"]
[EventCountry "GER"]
[SourceTitle "EXT 2022"]
[Source "ChessBase"]
[SourceDate "2021.10.06"]
[SourceVersion "1"]
[SourceVersionDate "2021.10.06"]
[SourceQuality "1"]
[WhiteTeam "Katernberg SF IV"]
[BlackTeam "Borbeck Weisse Dame II"]
[WhiteTeamCountry "GER"]
[BlackTeamCountry "GER"]

1. e4 d5 2. exd5 Qxd5 3. Nc3 Qa5 4. d4 Nf6 5. Bd2 c6 6. Nf3 Bg4 7. Ne4 Qf5 8. Nxf6+ Qxf6 9. c3 Nd7 10. Be2 h6 11. 0-0 e6 12. Be3 Bd6 13. c4 0-0 14. h3 Bf5 15. Bd3 Bxd3 16. Qxd3 Rfe8 17. Rad1 Rad8 18. Qb3 Rb8 19. Qd3 b5 20. b3 a6 21. Qe4 Rbc8 22. Nh2 Qe7 23. Qf3 f5 24. Bf4 Nf6 25. Rfe1 Qc7 26. Bxd6 Qxd6 27. Qe3 Ne4 28. f3 Nf6 29. Nf1 1/2-1/2

[Event "Ruhrgebiet Verbandsklasse Gruppe 3 1617"]
[Site "Germany"]
[Date "2016.09.04"]
[Round "1.6"]
[White "Jedner, Volker"]
[Black "Armbruester, Juergen"]
[Result "1/2-1/2"]
[WhiteElo "1825"]
[BlackElo "1816"]
[PlyCount "58"]
[EventDate "2016.09.04"]
[EventType "team-tourn"]
[EventRounds "9"]
[EventCountry "GER"]
[SourceTitle "EXT 2022"]
[Source "ChessBase"]
[SourceDate "2021.10.06"]
[SourceVersion "1"]
[SourceVersionDate "2021.10.06"]
[SourceQuality "1"]
[WhiteTeam "Hoentrop SG"]
[BlackTeam "Katernberg SF IV"]
[WhiteTeamCountry "GER"]
[BlackTeamCountry "GER"]

1. d4 Nf6 2. Nf3 d5 3. c4 g6 4. cxd5 Nxd5 5. e4 Nb6 6. Nc3 Bg7 7. Be3 0-0 8. Qd2 Nc6 9. h3 e6 10. Rd1 f5 11. Bh6 Qe7 12. Bxg7 Kxg7 13. h4 h6 14. Bb5 Bd7 15. Kf1 a6 16. Bxc6 Bxc6 17. Ne5 Nd7 18. Nxc6 bxc6 19. d5 cxd5 20. exd5 e5 21. h5 g5 22. d6 cxd6 23. Qxd6 Qxd6 24. Rxd6 Nf6 25. Ke2 Rfd8 26. Re6 Re8 27. Rxf6 Kxf6 28. Nd5+ Ke6 29. Nc7+ Kd7 1/2-1/2

[Event "WchT Seniors 65"]
[Site "Radebeul"]
[Date "2016.07.01"]
[Round "6.7"]
[White "Armbruester, Juergen"]
[Black "Sollid, Stein"]
[Result "1/2-1/2"]
[WhiteElo "1964"]
[BlackElo "2014"]
[PlyCount "237"]
[EventDate "2016.06.26"]
[EventType "team-swiss"]
[EventRounds "9"]
[EventCountry "GER"]
[SourceTitle "CBM 173 Extra"]
[Source "ChessBase"]
[SourceDate "2016.08.29"]
[SourceVersion "1"]
[SourceVersionDate "2016.08.29"]
[SourceQuality "1"]
[WhiteTeam "Katernberg"]
[BlackTeam "Norway"]
[WhiteTeamCountry "GER"]
[BlackTeamCountry "NOR"]

1. e4 e5 2. Nf3 Nc6 3. Bb5 Nf6 4. d3 Bc5 5. 0-0 d6 6. h3 0-0 7. Bg5 Ne7 8. c3 Ng6 9. d4 Bb6 10. dxe5 dxe5 11. Qxd8 Rxd8 12. Na3 Bd7 13. Rad1 Bxb5 14. Nxb5 Rxd1 15. Rxd1 Nxe4 16. Be3 Bxe3 17. fxe3 c6 18. Na3 f6 19. Kf1 Re8 20. Nc4 b6 21. Rd7 Re7 22. Rd8+ Kf7 23. Nd6+ Nxd6 24. Rxd6 Rc7 25. Rd8 Ke6 26. c4 Rd7 27. Re8+ Kd6 28. Ke2 Kc7 29. Ra8 Kd6 30. a3 Kc5 31. b3 Ne7 32. Nd2 Kd6 33. Nf3 Ke6 34. g4 h6 35. Nh4 f5 36. Rf8 fxg4 37. hxg4 c5 38. Nf3 Nc6 39. Re8+ Re7 40. Rc8 Na5 41. Nd2 Kd7 42. Ra8 Nc6 43. Rf8 Nd8 44. Nf3 Nc6 45. Nd2 Ke6 46. Rc8 Kd6 47. Rf8 Kc7 48. Ne4 Na5 49. Nd2 Nb7 50. Ne4 Nd6 51. Nxd6 Kxd6 52. Rd8+ Ke6 53. Rf8 Rf7 54. Re8+ Kd6 55. Rd8+ Ke7 56. Rd5 Ke6 57. Rd8 Kf6 58. Kf3 Kg5+ 59. Kg3 e4 60. Rd5+ Kg6 61. b4 Rf3+ 62. Kg2 Rxe3 63. bxc5 bxc5 64. Rxc5 Rxa3 65. Rc7 a5 66. c5 a4 67. Ra7 e3 68. Kf3 Rc3 69. Rxa4 Rxc5 70. Kxe3 Kg5 71. Ra7 g6 72. Ra6 Rc4 73. Kf3 Rf4+ 74. Kg3 Rxg4+ 75. Kh3 Rf4 76. Rb6 h5 77. Ra6 Kf5 78. Ra5+ Kf6 79. Ra6+ Kg5 80. Kg3 Re4 81. Ra5+ Kf6 82. Ra6+ Kf5 83. Ra8 Re3+ 84. Kf2 Rb3 85. Kg2 h4 86. Ra5+ Kg4 87. Ra4+ Kh5 88. Ra5+ g5 89. Kh2 Rf3 90. Rb5 Kg4 91. Kg2 h3+ 92. Kh2 Kh4 93. Rb8 g4 94. Rh8+ Kg5 95. Rg8+ Kf4 96. Rf8+ Ke3 97. Rg8 Rf2+ 98. Kg1 Rf4 99. Kh2 Kf2 100. Rg7 Kf3 101. Rg8 Rf5 102. Rg7 Rf4 103. Rg8 Rd4 104. Rf8+ Ke3 105. Re8+ Re4 106. Rg8 Kf4 107. Rf8+ Kg5 108. Rg8+ Kf5 109. Rf8+ Kg6 110. Rg8+ Kf7 111. Rg5 Re2+ 112. Kh1 Rg2 113. Rf5+ Kg6 114. Rg5+ Kf6 115. Rf5+ Kg6 116. Rg5+ Kf6 117. Rf5+ Kg6 118. Rg5+ Kf6 119. Rf5+ 1/2-1/2

[Event "WchT Seniors 65"]
[Site "Radebeul"]
[Date "2016.06.30"]
[Round "5.4"]
[White "Armbruester, Juergen"]
[Black "Andersson, Finn"]
[Result "1/2-1/2"]
[WhiteElo "1964"]
[BlackElo "1816"]
[PlyCount "47"]
[EventDate "2016.06.26"]
[EventType "team-swiss"]
[EventRounds "9"]
[EventCountry "GER"]
[SourceTitle "CBM 173 Extra"]
[Source "ChessBase"]
[SourceDate "2016.08.29"]
[SourceVersion "1"]
[SourceVersionDate "2016.08.29"]
[SourceQuality "1"]
[WhiteTeam "Katernberg"]
[BlackTeam "Denmark"]
[WhiteTeamCountry "GER"]
[BlackTeamCountry "DEN"]

1. e4 c5 2. Nf3 Nc6 3. d4 cxd4 4. Nxd4 Nf6 5. Nc3 e5 6. Ndb5 d6 7. Bg5 a6 8. Na3 b5 9. Nd5 Be7 10. Bxf6 Bxf6 11. c3 0-0 12. Nc2 Rb8 13. Bd3 Ne7 14. Nce3 Be6 15. Nxf6+ gxf6 16. 0-0 Qd7 17. f4 Qa7 18. Qe2 Kh8 19. f5 Bc4 20. Kh1 d5 21. Bxc4 dxc4 22. Rad1 Rbd8 23. Ng4 Qb6 24. Qe3 1/2-1/2

[Event "WchT Seniors 65"]
[Site "Radebeul"]
[Date "2016.06.28"]
[Round "3.4"]
[White "O'Leary, Matt"]
[Black "Armbruester, Juergen"]
[Result "1/2-1/2"]
[WhiteElo "1862"]
[BlackElo "1964"]
[PlyCount "67"]
[EventDate "2016.06.26"]
[EventType "team-swiss"]
[EventRounds "9"]
[EventCountry "GER"]
[SourceTitle "CBM 173 Extra"]
[Source "ChessBase"]
[SourceDate "2016.08.29"]
[SourceVersion "1"]
[SourceVersionDate "2016.08.29"]
[SourceQuality "1"]
[WhiteTeam "Ireland"]
[BlackTeam "Katernberg"]
[WhiteTeamCountry "IRL"]
[BlackTeamCountry "GER"]

1. Nf3 Nf6 2. c4 g6 3. Nc3 d5 4. cxd5 Nxd5 5. e4 Nxc3 6. bxc3 Bg7 7. Bb2 c5 8. Bb5+ Bd7 9. Qa4 0-0 10. 0-0 a6 11. Bxd7 Nxd7 12. d4 b5 13. Qc2 cxd4 14. Nxd4 Qc7 15. Rfd1 Nb6 16. Rac1 Rac8 17. Ne2 Rfd8 18. Rxd8+ Rxd8 19. Rd1 Rc8 20. Qd3 Na4 21. Ba3 e6 22. Bd6 Qc6 23. Ba3 Nxc3 24. Nxc3 Qxc3 25. Qd7 Bf6 26. Bb2 Qxb2 27. Qxc8+ Kg7 28. Qxa6 Bd4 29. Rf1 e5 30. h3 h5 31. Qb7 Qxa2 32. Qxb5 Qc2 33. Qd5 Qe2 34. g3 1/2-1/2

[Event "MVP-ch Seniors op 15th"]
[Site "Binz"]
[Date "2015.11.29"]
[Round "6.15"]
[White "Manthey, Juergen"]
[Black "Armbruester, Juergen"]
[Result "1/2-1/2"]
[WhiteElo "1943"]
[BlackElo "1833"]
[PlyCount "61"]
[EventDate "2015.11.24"]
[EventType "swiss"]
[EventRounds "9"]
[EventCountry "GER"]
[SourceTitle "EXT 2017"]
[Source "ChessBase"]
[SourceDate "2016.10.25"]
[SourceVersion "1"]
[SourceVersionDate "2016.10.25"]
[SourceQuality "1"]

1. c4 c6 2. g3 d5 3. Nf3 Nf6 4. Bg2 e6 5. 0-0 Be7 6. b3 0-0 7. Bb2 Nbd7 8. Qc2 b6 9. d4 Bb7 10. Nbd2 Rc8 11. Rac1 c5 12. e3 cxd4 13. exd4 dxc4 14. bxc4 Qc7 15. Qb3 Qb8 16. Rfe1 Rfe8 17. Qd3 Rcd8 18. Qe2 h6 19. Red1 Bf8 20. Ne1 Bxg2 21. Nxg2 Qb7 22. f4 Be7 23. Ne1 Nb8 24. Qf3 Qxf3 25. Ndxf3 Nc6 26. Nd3 Rc8 27. Re1 Nb4 28. Nxb4 Bxb4 29. Re2 Rc7 30. Ne5 Rec8 31. Rec2 1/2-1/2

[Event "MVP-ch Seniors op 15th"]
[Site "Binz"]
[Date "2015.11.24"]
[Round "1.61"]
[White "Armbruester, Juergen"]
[Black "Koehler, Marianne"]
[Result "1-0"]
[WhiteElo "1833"]
[BlackElo "1389"]
[PlyCount "91"]
[EventDate "2015.11.24"]
[EventType "swiss"]
[EventRounds "9"]
[EventCountry "GER"]
[SourceTitle "EXT 2017"]
[Source "ChessBase"]
[SourceDate "2016.10.25"]
[SourceVersion "1"]
[SourceVersionDate "2016.10.25"]
[SourceQuality "1"]

1. e4 e6 2. d4 d5 3. Nc3 Bb4 4. e5 Bd7 5. Qg4 Bf8 6. Nf3 Nc6 7. Be2 h5 8. Qg3 g6 9. Be3 Nh6 10. Bd3 Nf5 11. Bxf5 gxf5 12. 0-0-0 h4 13. Qg5 Qxg5 14. Bxg5 Be7 15. g3 h3 16. Ne2 Rh5 17. Bh4 0-0-0 18. Nf4 Rh6 19. Nxh3 Bxh4 20. Nxh4 Rg8 21. c3 Ne7 22. Nf4 Ng6 23. Nhg2 b5 24. h4 Ne7 25. Ne3 Kb7 26. Nd3 Kb6 27. Rdg1 a5 28. a3 Nc6 29. b4 axb4 30. axb4 Ra8 31. Kb2 Rah8 32. Ra1 Nb8 33. Nc5 Bc8 34. Nf1 Na6 35. Nd2 c6 36. Ndb3 f6 37. Nxa6 Bxa6 38. exf6 Rxf6 39. Nc5 Bc8 40. Ra8 Rff8 41. Nd3 Bb7 42. Rxf8 Rxf8 43. Nf4 Bc8 44. h5 Rh8 45. h6 Kc7 46. h7 1-0